Geography Quiz

Random Geography or State Quiz

Western US State Abbreviations Quiz Stats

 Plays Quiz not verified by Sporcle

Score 0/13 Timer 02:00
0 Plays Today
% Correct
WA
89.5%
CA
89.5%
AK
84.2%
HI
84.2%
OR
84.2%
NV
84.2%
ID
78.9%
UT
78.9%
AZ
78.9%
MT
78.9%
WY
78.9%
CO
78.9%
NM
78.9%

You're not logged in!

Compare scores with friends on all Sporcle quizzes.
OR
Log In

Sporcle TV

Today on Sporcle TV


Watch our educational content, quiz creation guides, and fun videos on Sporcle TV.

Show Comments

Extras

Created Sep 10, 2019ReportNominateIcon Source: https://maloperro.com/wp-...
Tags:State Quiz, Abbreviation, western

Top Quizzes Today


Score Distribution

Your Account Isn't Verified!

In order to create a playlist on Sporcle, you need to verify the email address you used during registration. Go to your Sporcle Settings to finish the process.

Report this User

Report this user for behavior that violates our Community Guidelines.

Details: